Mariano Marcos State University

University Library System

Effect of rambutan (Nephelium Lappaceum L.) crude seed extract on the eggs of golden kuhol (Pomacea Caniculata L.) (Record no. 9522)

MARC details
000 -LEADER
fixed length control field 00610nam a22001697a 4500
003 - CONTROL NUMBER IDENTIFIER
control field OSt
005 - DATE AND TIME OF LATEST TRANSACTION
control field 20171010095437.0
008 - FIXED-LENGTH DATA ELEMENTS--GENERAL INFORMATION
fixed length control field 120531t xxu||||| |||| 00| 0 eng d
040 ## - CATALOGING SOURCE
Original cataloging agency MMSU
Transcribing agency ULS
100 ## - MAIN ENTRY--PERSONAL NAME
Personal name Guiang, Celita B.
9 (RLIN) 9815
245 ## - TITLE STATEMENT
Title Effect of rambutan (Nephelium Lappaceum L.) crude seed extract on the eggs of golden kuhol (Pomacea Caniculata L.)
Statement of responsibility, etc. Celita B. Guiang
260 ## - PUBLICATION, DISTRIBUTION, ETC.
Date of publication, distribution, etc. 2007
300 ## - PHYSICAL DESCRIPTION
Extent xiv, 41 leaves
Dimensions 28 cm.
500 ## - GENERAL NOTE
General note Thesis (BS Biology) -- Mariano Marcos State University-College of Arts and Sciences, Batac City
504 ## - BIBLIOGRAPHY, ETC. NOTE
Bibliography, etc. note Bibliography: leaves 29
942 ## - ADDED ENTRY ELEMENTS (KOHA)
Source of classification or shelving scheme
Koha item type Thesis/Dissertation
Holdings
Withdrawn status Lost status Source of classification or shelving scheme Damaged status Not for loan Home library Current library Date acquired Total Checkouts Barcode Date last seen Price effective from Koha item type Public note
          REF REF 05/31/2012   3314-Un 10/10/2017 10/10/2017 Thesis/Dissertation Library Use only

© 2023 Mariano Marcos State University. All Rights Reserved.

Powered by Koha